Вып. 3; Труды по химии и химической технологии

Bibliografiske detaljer
Parent link:Труды по химии и химической технологии: [сборник научных трудов]/ Горьковский государственный университет им. Н. И. Лобачевского (ГГУ), Научно-исследовательский институт химии. Вып. 3.— , 1958-
Andre forfattere: Шушунов В. А.
Sprog:russisk
Udgivet: 1959
Fag:
Format: MixedMaterials Bog
KOHA link:https://koha.lib.tpu.ru/cgi-bin/koha/opac-detail.pl?biblionumber=675350

MARC

LEADER 00000nam2a2200000 4500
001 675350
005 20241014134015.0
035 |a (RuTPU)RU\TPU\book\268919 
090 |a 675350 
100 |a 20241010d1959 k||y0rusy50 ca 
101 0 |a rus 
102 |a RU 
105 |a a z 001zy 
181 0 |a i   |b  e  
182 0 |a n 
183 0 |a nc  |2 RDAcarrier 
200 0 |a Вып. 3  |f гл. ред. В. А. Шушунов 
210 |d 1959 
215 |a С. 475-663  |c ил. 
283 |a volume 
320 |a Библиогр. в конце ст. 
461 1 |0 (RuTPU)RU\TPU\book\173187  |t Труды по химии и химической технологии  |o [сборник научных трудов]  |f Горьковский государственный университет им. Н. И. Лобачевского (ГГУ), Научно-исследовательский институт химии  |v Вып. 3  |d 1958-  
606 1 |a Химия  |2 stltpush  |3 (RuTPU)RU\TPU\subj\17362  |9 43035 
606 1 |a Химическая технология  |x Общие вопросы  |2 stltpush  |3 (RuTPU)RU\TPU\subj\68259  |9 83693 
610 1 |a органические дейтеросоединения 
610 1 |a термодинамические функции 
610 1 |a изотопные эффекты 
610 1 |a радиофосфор 
610 1 |a константы 
610 1 |a нестойкость 
610 1 |a радиоактивные индикаторы 
610 1 |a азометан 
610 1 |a каталитическое разложение 
610 1 |a хлорат 
610 1 |a перхлорат калия 
610 1 |a пропилен 
610 1 |a перекристаллизация 
610 1 |a кислотный хром 
610 1 |a определение 
610 1 |a примеси 
610 1 |a продукты окислени 
610 1 |a кумол 
610 1 |a цинк 
610 1 |a соосаждение 
610 1 |a спектры поглащения 
610 1 |a количественное определение 
610 1 |a этилбензолы 
610 1 |a полярография 
610 1 |a индикаторный метод 
610 1 |a алюминий-органические соединения 
610 1 |a этиловый спирт 
610 1 |a металлорганические соединения 
675 |a 54  |v 3 
675 |a 66  |v 3 
702 1 |a Шушунов  |b В. А.  |4 651 
801 1 |a RU  |b 63413507  |c 20131225 
801 2 |a RU  |b 63413507  |c 20131226  |g RCR 
801 2 |a RU  |b 63413507  |c 20241010  |g RCR 
850 |a 63413507 
942 |c CR